Inside out: student's book, upper intermediate
-д хадгалсан:
| Үндсэн зохиолчид: | , |
|---|---|
| Формат: | Ном |
| Хэл сонгох: | англи |
| Хэвлэсэн: |
Oxford
MacMillan Heinemann English language Teaching
2001
|
| Нөхцлүүд: | |
| Шошгууд: |
Шошго нэмэх
Шошго байхгүй, Энэхүү баримтыг шошголох эхний хүн болох!
|
MARC
| LEADER | 00000nam a2200000 a 4500 | ||
|---|---|---|---|
| 001 | UCM7768 | ||
| 003 | CL-VaPUC | ||
| 008 | 030110e20010000UK |||||||||||||||||eng|d | ||
| 082 | 0 | 4 | |a 428 |b KAY |2 21 |
| 100 | |a Kay, Sue |e author |9 473400 | ||
| 700 | 0 | |a Jones, Vaughan |e author |9 473401 | |
| 245 | 1 | 0 | |a Inside out: student's book, upper intermediate |
| 300 | |a 159 p | ||
| 942 | |c BK | ||
| 945 | |d 20030110 00:00:00 |a cmena | ||
| 260 | |a Oxford |b MacMillan Heinemann English language Teaching |c 2001 | ||
| 650 | 0 | |a Educación lingüística |9 306506 | |
| 650 | 0 | |a Enseñanza del inglés |9 367340 | |
| 650 | 0 | |a Lengua inglesa |9 318842 | |
| 650 | 0 | |a Métodos de enseñanza |9 270413 | |
| 583 | |a last modification |c 20030110 00:00:00 |k Rodrigo Vera | ||
| 999 | |c 302445 |d 302443 | ||
| 952 | |0 0 |1 0 |4 0 |6 428_000000000000000_KAY_2001 |7 0 |8 A |9 363026 |a BIBEDU |b BIBEDU |d 2019-11-21 |i 3871703 |l 2 |o 428 KAY 2001 |p 3871703 |r 2023-05-16 |s 2023-05-10 |w 2019-11-21 |y BK |k LIT | ||